| 000 | 02804cam a22004457a 4500 | ||
|---|---|---|---|
| 001 | 12490382 | ||
| 003 | USPCAS-E | ||
| 005 | 20180118181420.0 | ||
| 008 | 010801m20012003enka b 001 0 eng | ||
| 010 | _a 2001270356 | ||
| 020 | _a3527302204 | ||
| 020 | _a3527302212 | ||
| 020 | _a3527302247 | ||
| 020 | _a3527302190 | ||
| 020 | _a3527302255 | ||
| 020 | _a3527302263 | ||
| 020 | _a3527302271 | ||
| 020 | _a3527302220 | ||
| 020 | _a3527302239 | ||
| 020 | _a352730228X | ||
| 020 | _a3527302301 | ||
| 040 |
_aUKM _cUKM _dDLC |
||
| 042 | _alccopycat | ||
| 050 | 0 | 0 |
_aQP801.B69 _bB563 2001 |
| 082 | 0 | 0 |
_a572 _221 _bBIO 2003 |
| 245 | 0 | 0 |
_aBiopolymers / _cedited by A. Steinbüchel. |
| 260 |
_aWeinheim ; _aChichester : _bWiley-VCH, _cc2001-c2003. |
||
| 300 |
_a10 v. in 11 : _bill. ; _c25 cm. + Cumulative index (vi, 217 ; 25 cm.). |
||
| 502 | _a. | ||
| 504 | _aIncludes bibliographical references and indexes. | ||
| 505 | 0 | _av. 1. Lignin, humic substances, and coal / edited by M. Hofrichter and A. Steinüchel v. 2. Polyisoprenoids / edited by T Koyama and A. Steinbüchel -- v. 3a. Polyesters I, biological systems and biotechnological production / edited by Y. Doi and A. Steinbüchel -- v. 3b. Polyesters II, properties and chemical synthesis / edited by Y. Doi and A. Steinbüchel -- v. 4. Polyesters III, applications and commercial products / edited by Y. Doi and A. Steinbüchel -- v. 5. Polysaccharides I, polysaccharides from prokaryotes / edited by E.J. Vandamme, S. De Baets and A. Steinbüchel -- v. 6. Polysaccharides II, polysaccharides from eukaryotes / edited by E.J. Vandamme, S. De Baets, and A. Steinbüchel -- v. 7. Polyamides and complex proteinaceous materials I / edited by S.R. Fahnestock and A. Steinbüchel -- v. 8. Polyamides and complex proteinaceous materials II / edited by S. R. Fahnestock and A. Steinbüchel -- v. 9. Miscellaneous biopolymers and biodegradation of polymers / edited by S. Matsumura and A. Steinbüchel -- v. 10. General aspects and special application / edited by A. Steinbüchel. | |
| 650 | 0 | _aBiopolymers. | |
| 700 | 1 | _aSteinbüchel, A. | |
| 700 | 1 |
_aHofrichter, M. _q(Martin) |
|
| 856 | 4 | 2 |
_3Publisher description _uhttp://www.loc.gov/catdir/description/wiley035/2001270356.html |
| 856 | 4 | 1 |
_3Table of contents _uhttp://www.loc.gov/catdir/toc/wiley021/2001270356.html |
| 906 |
_a7 _bcbc _ccopycat _d2 _encip _f20 _gy-gencatlg |
||
| 942 |
_2ddc _cBK |
||
| 999 |
_c356002 _d356002 |
||